Country Flags with Crowns - Picture Quiz - 90 Seconds - Statistics

General Stats
  • This quiz has been taken 795 times
  • The average score is 6 of 9
Answer Stats
Country % Correct
Liechtenstein
89%
Croatia
85%
Vatican City
82%
Tajikistan
76%
Spain
75%
Serbia
71%
Montenegro
63%
San Marino
58%
Fiji
48%
No matching quizzes found
Score Distribution
Percent of People with Each Score
Percentile by Number Answered
Your Score History
You have not taken this quiz